| 000 | 00547nam a2200181Ia 4500 | ||
|---|---|---|---|
| 008 | 100917s9999 xx 000 0 und d | ||
| 082 | _b55477 | ||
| 100 | _aमुधोळकर रमेश | ||
| 245 | _aबिरबल बादशाह- 4 | ||
| 260 |
_bअनमोल प्रकाशन _c1980 |
||
| 300 | _a36 | ||
| 365 | _b1.5 | ||
| 520 | _aबालविभाग | ||
| 630 | _aबिरबल बादशाह- 4 | ||
| 650 | _aबालविभाग | ||
| 730 | _aबिरबल बादशाह- 4 | ||
| 942 | _cBOOK | ||
| 999 |
_c660871 _d660868 |
||